| 000 | 00652nam a22002177a 4500 | ||
|---|---|---|---|
| 003 | NUST | ||
| 005 | 20230225174021.0 | ||
| 008 | 171002b xxu||||| |||| 00| 0 eng d | ||
| 038 | _aAttaullah. | ||
| 040 | _cNUST | ||
| 082 | _a330 | ||
| 100 |
_aJan, Lubna _95145 |
||
| 245 |
_aGovernment size, factor accumulation and economic growth in developing countries _cLubna Jan. |
||
| 260 |
_aIslamabad _c2014 |
||
| 300 |
_a47p. : ill. ; _c30cm. |
||
| 500 | _aHard Cover. | ||
| 650 |
_aEconomics - MS Thesis. _917366 |
||
| 700 |
_aDr. Athar Maqsood Ahmed. _917418 |
||
| 856 | _uhttp://10.250.8.41:8080/xmlui/handle/123456789/30141 | ||
| 942 |
_2ddc _cTHE |
||
| 999 |
_c331512 _d331512 |
||